Combo del ICE en el momento culminante de las protestas: sondeo telefónico 24-25 de marzo del 2000 /

Este artículo reporta una síntesis de los resultados de un sondeo de opinión pública realizado en el momento cumbre de la movilización social de oposición al "combo" del ICE, un paquete de leyes orientado a la transformación de la empresa estatal de electricidad y telecomunicaciones (ICE)...

Szczegółowa specyfikacja

Zapisane w:
Opis bibliograficzny
1. autor: Campos Ramírez, Domingo
Kolejni autorzy: Raventós Vorst, Ciska
Format: Texto
Hasła przedmiotowe:
Etykiety: Dodaj etykietę
Nie ma etykietki, Dołącz pierwszą etykiete!

MARC

LEADER 00000 a a2200000 04500
001 14504
003
040
100 |a Campos Ramírez, Domingo  
245 |a Combo del ICE en el momento culminante de las protestas:   |b sondeo telefónico 24-25 de marzo del 2000 /  |c Domingo Campos Ramírez ; Ciska Raventós Vorst 
520 |a Este artículo reporta una síntesis de los resultados de un sondeo de opinión pública realizado en el momento cumbre de la movilización social de oposición al "combo" del ICE, un paquete de leyes orientado a la transformación de la empresa estatal de electricidad y telecomunicaciones (ICE) y del sector en general. Explora algunos de los componentes motivaconales, informativos y conductuales de la población costarricense  
650 |a ENCUESTAS DE OPINION  
650 |a MOVIMIENTOS SOCIALES  
650 |a INVESTIGACION SOCIAL  
650 |a PRIVATIZACION  
650 |a ENERGIA  
650 |a COSTA RICA  
650 |a OPINION PUBLICA  
650 |a MOVILIZACION SOCIAL  
700 |a Raventós Vorst, Ciska  
773 |g número 106 (IV) - 107 (I; páginas 35-43  
999 |c 29654  |d 29654 
773 0 |0 18728  |9 3033  |a Universidad de Costa Rica  |d San José, Costa Rica Editorial UCR 1956-  |o 14249  |t Revista de Ciencias Sociales/  |x 04825276